Bilecik Bilecik Bilecik Bilecik Bilecik

Sağlık bilişim sistemleri/ (Record no. 74522)

MARC details
000 -BAŞLIK
Sabit Uzunluktaki Kontrol Alanı 01262nam a22003737a 4500
001 - KONTROL NUMARASI
Control Dosyası 0073768
003 - KONTROL NUMARASI KİMLİĞİ
Kontrol Alanı KOHA_MİRAKIL
005 - EN SON İŞLEM TARİHİ ve ZAMANI
Kontrol Alanı 20260207005152.0
007 - FİZİKSEL TANIM SABİT ALAN - GENEL BİLGİ
Sabit uzunluklu kontrol alanı ta
008 - SABİT UZUNLUKTAKİ VERİ ÖGELERİ - GENEL BİLGİ
Sabit Alan 250502b2018 tu |||gr||||#0|||0|tur |
020 ## - ISBN - ULUSLARARASI STANDART KİTAP NUMARASI
Isbn 9755918132
040 ## - KATALOGLAMA KAYNAĞI
Özgün Kataloglama Kurumu TR-BiSEU
Kataloglama Dili tur
Çeviri Kurumu TR-BiSEU
Açıklama Kuralları rda
041 0# - DİL KODU
Metin ya da ses kaydının dil kodu tur
044 ## - YAYINLAYAN/ÜRETEN KURULUŞUN ÜLKE KODU
ISO country code tu
050 ## - SINIFLAMA ve YER NUMARASI
Sınıflama Numarası RA971.23
Yer Numarası .G85 2005
100 1# - KİŞİ ADI
Yazar Adı (Kişi adı) Güleş, Hasan Kürşat.
245 1# - ESER ADI BİLDİRİMİ
Başlık Sağlık bilişim sistemleri/
Sorumluluk Bildirimi Hasan Kürşat Güleş ; Hasan Kürşat Güleş, Musa Özata .
264 #1 - ÜRERİM, YAYIN, DAĞITIM ve TELİF BİLDİRİMİ
Yayın yeri Ankara :
Yayınlayan Nobel Yayınları
Yayın tarihi 2018
300 ## - FİZİKSEL TANIMLAMA
Sayfa, Cilt vb. 223 sayfa: tablo,resimli; 20 cm.
336 ## - İÇERİK TÜRÜ
Content type term metin
Content type code txt
Source rdacontent
337 ## - MEDYA TÜRÜ
Media type term aracısız
Media type code n
Source rdamedia
338 ## - TAŞIYICI TÜRÜ
Carrier type term cilt
Carrier type code nc
Source rdacarrier
490 1# - DİZİ BİLDİRİMİ
Dizi Bildirimi Nobel yayın no ;
Cilt Numarası 828.
490 1# - DİZİ BİLDİRİMİ
Dizi Bildirimi İktisat İşletme yayınları dizi no ;
Cilt Numarası 105
500 ## - GENEL NOT
Genel Not Kaynakça var.
650 #0 - KONU BAŞLIĞI EK GİRİŞ - KONU TERİMİ
Konusal terim veya coğrafi ad Sağlık--Bilgi teknolojileri.
9 (RLIN) 133580
650 #0 - KONU BAŞLIĞI EK GİRİŞ - KONU TERİMİ
Konusal terim veya coğrafi ad Sağlık--Bilişim sistemleri.
9 (RLIN) 133581
650 #0 - KONU BAŞLIĞI EK GİRİŞ - KONU TERİMİ
Konusal terim veya coğrafi ad Health services administration.
9 (RLIN) 52112
650 #0 - KONU BAŞLIĞI EK GİRİŞ - KONU TERİMİ
Konusal terim veya coğrafi ad Health services administration--Information technology.
9 (RLIN) 133582
830 1# - SERİ EK GİRİŞİ - TEKBİÇİM ESER ADI
Tekbiçim Başlık Nobel yayın no ;
Volume number/sequential designation 828.
9 (RLIN) 1940
830 1# - SERİ EK GİRİŞİ - TEKBİÇİM ESER ADI
Tekbiçim Başlık İktisat İşletme yayınları dizi no ;
Volume number/sequential designation 105
9 (RLIN) 148996
907 ## - LOCAL DATA ELEMENT G, LDG (RLIN)
a Sağlık
942 ## - EK GİRİŞ ÖGELERİ (KOHA)
Source of classification or shelving scheme Library of Congress Classification
Koha item type Book
Holdings
Materyal Türü Kalıcı Konum Mevcut Konum Sınıflandırma Kaynağı Edinim Bilgisi Ana Konular Alt Konular Yer Numarası Demirbaş Numarası Fatura Tarihi Geri Çekilme Durumu Kayıp Durumu Hasarlı Durumu Kredi için değil Kayıt Tarih Toplam Ödünçverme Son Görülme Tarihi Son Kontrol Tarihi Genel / Bağış Notu
Book BŞEÜ Osmaneli MYO Kütüphanesi BŞEÜ Osmaneli MYO Kütüphanesi Library of Congress Classification Bağış TIP Tıbbın Sosyal Yönleri (Halk Sağlığı) RA971.23 .G85 2005 0073768 02/02/2026         02/05/2025   22/08/2025 22/08/2025 Genel Bağış